| Tag |
First Indicator |
Second Indicator |
Subfields |
| LEADER |
00000cam a2200000 a 4500 |
| 001 |
in00000024955 |
| 005 |
20151007055652.0 |
| 008 |
870722s1987 enka b 00100 eng d |
| 010 |
|
|
|a gb 86029292
|
| 015 |
|
|
|a GB86-29292
|
| 020 |
|
|
|a 0851573991 :
|c £13.75
|
| 035 |
|
|
|a (OCoLC)14717797
|
| 035 |
|
|
|9 AAB8929AM
|
| 040 |
|
|
|a UKM
|c UKM
|d TXA
|d UtOrBLW
|
| 049 |
|
|
|a TXAM
|c [A11667498]
|
| 050 |
1 |
0 |
|a Z675.S3
|
| 050 |
|
4 |
|a Z675.S3
|b M43 1987
|
| 082 |
0 |
|
|a 027.8/028/5416
|2 19
|
| 245 |
0 |
4 |
|a The microcomputer, the school librarian and the teacher :
|b an introduction with case studies /
|c edited by James E. Herring.
|
| 264 |
|
1 |
|a London :
|b Bingley,
|c 1987.
|
| 300 |
|
|
|a 150 pages :
|b illustrations ;
|c 21 cm.
|
| 336 |
|
|
|a text
|b txt
|2 rdacontent
|
| 337 |
|
|
|a unmediated
|b n
|2 rdamedia
|
| 338 |
|
|
|a volume
|b nc
|2 rdacarrier
|
| 504 |
|
|
|a Bibliography: pages 144-145.
|
| 500 |
|
|
|a Includes index.
|
| 650 |
|
0 |
|a School libraries
|x Data processing.
|
| 650 |
|
0 |
|a Microcomputers
|x Library applications.
|
| 700 |
1 |
|
|a Herring, James E.,
|d 1948-
|
| 999 |
|
|
|a MARS
|
| 999 |
f |
f |
|s 6e59b9fd-37de-3d7b-9581-54d137a22fc7
|i c179a762-a02f-32c0-9aae-057aa9654dc5
|t 0
|
| 952 |
f |
f |
|p ric
|a Texas A&M University
|b Rellis Campus
|c Joint Library Facility
|d Remote Storage
|t 0
|e Z675.S3 M43 1987
|h Library of Congress classification
|i unmediated -- volume
|m A14811667498
|
| 998 |
f |
f |
|a Z675.S3 M43 1987
|t 0
|l Remote Storage
|